[Event "Edmonton March Invitational"]
[Site "Edmonton CAN"]
[Date "2005.03.06"]
[Round "5"]
[White "Grumic, Sasha"]
[Black "Gardner, Robert"]
[Result "0-1"]
[WhiteElo "2098"]
[BlackElo "2250"]
[PlyCount "86"]
[GameId "2160767910965510"]
[EventDate "2005.03.04"]
[EventType "tourn"]
[EventRounds "5"]
[EventCountry "CAN"]
[WhiteTeam "Canada"]
[BlackTeam "Canada"]
[WhiteTeamCountry "CAN"]
[BlackTeamCountry "CAN"]

1. e4 d6 2. d4 Nf6 3. Nc3 g6 4. Be3 c6 5. Qd2 b5 6. f3 Nbd7 7. O-O-O b4 8. Nce2 a5 9. g4 Nb6 10. Ng3 h5 11. gxh5 Nxh5 12. Nxh5 Rxh5 13. Be2 Be6 14. f4 Nc4 15. Bxc4 Bxc4 16. Kb1 Qb6 17. Nf3 a4 18. d5 c5 19. e5 Bg7 20. Rhe1 O-O-O 21. b3 axb3 22. cxb3 Bb5 23. Rc1 Kb7 24. a4 bxa3 25. Ka2 Qa6 26. Bg1 c4 27. Qb4 cxb3+ 28. Qxb3 Ka8 29. Rc7 Rd7 30. Rc6 Bxc6 31. dxc6 Qxc6 32. Nd4 Qa6 33. Rb1 Rb7 34. Qf3 Rh8 35. Nb5 Rc8 36. Nxa3 dxe5 37. Rb6 Qa7 38. Rb2 Qb8 39. Bb6 e4 40. Qxe4 Bxb2 41. Nb5 Rc4 42. Qf3 Qc8 43. Kxb2 Rb4+ 0-1

[Event "Edmonton May op"]
[Site "Edmonton CAN"]
[Date "2005.05.29"]
[Round "1"]
[White "Reeve, Jeff"]
[Black "Gardner, Robert"]
[Result "1-0"]
[WhiteElo "2237"]
[BlackElo "2185"]
[PlyCount "61"]
[GameId "2160767910968107"]
[EventDate "2005.05.29"]
[EventType "swiss"]
[EventRounds "5"]
[EventCountry "CAN"]
[SourceTitle "EXT 2008"]
[Source "ChessBase"]
[SourceDate "2007.11.25"]
[SourceVersion "1"]
[SourceVersionDate "2007.11.25"]
[SourceQuality "1"]

1. Nf3 g6 2. c4 f5 3. Nc3 Nf6 4. g3 Bg7 5. Bg2 d6 6. O-O O-O 7. d3 e5 8. Rb1 Nc6 9. b4 h6 10. b5 Ne7 11. Nd2 g5 12. a4 Rb8 13. Ba3 Be6 14. a5 Qd7 15. e3 Ng6 16. Nd5 Bxd5 17. cxd5 f4 18. Ne4 g4 19. Nxf6+ Rxf6 20. Be4 f3 21. Qc2 Ne7 22. Rfc1 Rc8 23. Qb3 h5 24. b6 cxb6 25. axb6 axb6 26. Qxb6 Rxc1+ 27. Rxc1 h4 28. Qc7 Qa4 29. Qxe7 Qxa3 30. Rc8+ Bf8 31. Qh7# 1-0

[Event "Edmonton Octob op"]
[Site "Edmonton CAN"]
[Date "2005.10.28"]
[Round "1"]
[White "Kazakevich, Anastasia"]
[Black "Haessel, Dale"]
[Result "0-1"]
[WhiteElo "2029"]
[BlackElo "2255"]
[PlyCount "128"]
[GameId "2160767910834208"]
[EventDate "2005.10.28"]
[EventType "swiss"]
[EventRounds "5"]
[EventCountry "CAN"]
[SourceTitle "EXT 2008"]
[Source "ChessBase"]
[SourceDate "2007.11.25"]
[SourceVersion "1"]
[SourceVersionDate "2007.11.25"]
[SourceQuality "1"]

1. d4 Nf6 2. c4 g6 3. Nc3 d5 4. cxd5 Nxd5 5. e4 Nxc3 6. bxc3 Bg7 7. Bc4 c5 8. Ne2 cxd4 9. cxd4 Nc6 10. Be3 O-O 11. O-O Bg4 12. f3 Na5 13. Bd5 e6 14. Bb3 Bh5 15. g4 Bxg4 16. fxg4 Qh4 17. Ng3 Rad8 18. e5 Bxe5 19. Qe1 Nxb3 20. axb3 Rxd4 21. Bf2 Bxg3 22. Bxg3 Qxg4 23. Ra4 Rxa4 24. bxa4 Qxa4 25. Qe5 Rd8 26. Qc7 Qd7 27. Rb1 b6 28. Ra1 Qd4+ 29. Kg2 Qe4+ 30. Kg1 Qd4+ 31. Kg2 Qb2+ 32. Bf2 Rd2 33. Rf1 Rd5 34. Kg1 Rg5+ 35. Bg3 Qd4+ 36. Rf2 Rf5 37. Qb8+ Kg7 38. Qxa7 h5 39. Kg2 h4 40. Rxf5 exf5 41. Bf2 h3+ 42. Kf1 Qd1+ 43. Be1 Qd3+ 44. Kf2 Qd4+ 45. Ke2 g5 46. Qc7 Kg6 47. Qc6+ Kh5 48. Qc7 Qe4+ 49. Kd1 Qd5+ 50. Bd2 Qb3+ 51. Ke2 Qe6+ 52. Kd1 f4 53. Qc3 Kg4 54. Qd3 f5 55. Qf1 Qb3+ 56. Kc1 Qf3 57. Qg1+ Kh5 58. Qxb6 Qh1+ 59. Kc2 Qxh2 60. Qe6 Kg4 61. Kc3 Qg3+ 62. Kc2 Qg2 63. Kc3 h2 64. Bxf4 h1=Q 0-1

[Event "Edmonton Octob op"]
[Site "Edmonton CAN"]
[Date "2005.10.28"]
[Round "1"]
[White "Li, Zhichao"]
[Black "Gardner, Robert"]
[Result "0-1"]
[WhiteElo "2198"]
[BlackElo "2252"]
[PlyCount "100"]
[GameId "2160767910834209"]
[EventDate "2005.10.28"]
[EventType "swiss"]
[EventRounds "5"]
[EventCountry "CAN"]
[SourceTitle "EXT 2008"]
[Source "ChessBase"]
[SourceDate "2007.11.25"]
[SourceVersion "1"]
[SourceVersionDate "2007.11.25"]
[SourceQuality "1"]

1. Nf3 g6 2. c4 Bg7 3. g3 f5 4. Nc3 e5 5. d3 d6 6. Bg2 c6 7. O-O Ne7 8. e4 O-O 9. Qb3 c5 10. Ng5 h6 11. Nh3 fxe4 12. dxe4 Nbc6 13. Qd1 Be6 14. f3 Bxc4 15. Re1 Nd4 16. Be3 Qd7 17. Nf2 Rf7 18. Bxd4 exd4 19. Ne2 g5 20. b3 Be6 21. Rb1 Ng6 22. Qd2 Raf8 23. Kh1 b6 24. Ng1 d5 25. Nd3 dxe4 26. Rxe4 Bd5 27. Re2 Re8 28. Rbe1 Rfe7 29. Qc2 Rxe2 30. Rxe2 Rxe2 31. Nxe2 Qf5 32. g4 Qf7 33. Ne1 Nh4 34. Ng3 Be5 35. Nh5 Bb8 36. Qf2 Nxg2 37. Kxg2 Qe6 38. h3 Qe5 39. Kf1 c4 40. f4 gxf4 41. Nf3 Bxf3 42. Qxf3 d3 43. Qd1 b5 44. bxc4 bxc4 45. Qb1 f3 46. Nf6+ Kf7 47. Qb7+ Kxf6 48. Qc6+ Bd6 49. g5+ hxg5 50. Qxf3+ Qf4 0-1

[Event "Edmonton Octob op"]
[Site "Edmonton CAN"]
[Date "2005.10.28"]
[Round "1"]
[White "Newton, Geoff"]
[Black "Kuczaj, Chris"]
[Result "1/2-1/2"]
[WhiteElo "1938"]
[BlackElo "1876"]
[PlyCount "45"]
[GameId "2160767910834210"]
[EventDate "2005.10.28"]
[EventType "swiss"]
[EventRounds "5"]
[EventCountry "CAN"]
[SourceTitle "EXT 2008"]
[Source "ChessBase"]
[SourceDate "2007.11.25"]
[SourceVersion "1"]
[SourceVersionDate "2007.11.25"]
[SourceQuality "1"]

1. d4 Nf6 2. c4 g6 3. Nc3 d5 4. Bg5 Ne4 5. Nxe4 dxe4 6. e3 Bg7 7. Qd2 c5 8. Rd1 O-O 9. d5 Qc7 10. Bh4 Qe5 11. f4 Qd6 12. Ne2 Bg4 13. h3 Bd7 14. Nc3 f5 15. Be2 h6 16. g4 g5 17. Bg3 a6 18. gxf5 Bxf5 19. Bg4 Qg6 20. Bxf5 Qxf5 21. Qc2 Bxc3+ 22. Qxc3 Nd7 23. Ke2 1/2-1/2

[Event "Edmonton Octob op"]
[Site "Edmonton CAN"]
[Date "2005.10.28"]
[Round "1"]
[White "Ross, Malcolm"]
[Black "Milner, Din"]
[Result "1-0"]
[WhiteElo "1251"]
[BlackElo "1195"]
[PlyCount "127"]
[GameId "2160767910834211"]
[EventDate "2005.10.28"]
[EventType "swiss"]
[EventRounds "5"]
[EventCountry "CAN"]
[SourceTitle "EXT 2008"]
[Source "ChessBase"]
[SourceDate "2007.11.25"]
[SourceVersion "1"]
[SourceVersionDate "2007.11.25"]
[SourceQuality "1"]

1. c4 e5 2. g3 Nf6 3. Bg2 c6 4. e3 d5 5. cxd5 cxd5 6. Ne2 Nc6 7. O-O Bd6 8. b3 e4 9. d4 Bg4 10. Nbc3 Bb4 11. Bb2 Qa5 12. a3 Bxc3 13. Bxc3 Qxc3 14. Nxc3 Bxd1 15. Nxd1 g5 16. f3 h5 17. fxe4 Nxe4 18. Bxe4 dxe4 19. Nc3 O-O-O 20. Nxe4 Rhe8 21. Nxg5 Rxe3 22. Nxf7 Rxd4 23. b4 Rd2 24. Rf2 Ree2 25. Rxe2 Rxe2 26. Rc1 Kd7 27. Rc5 Ke7 28. Nh6 Re5 29. Rxe5+ Nxe5 30. Nf5+ Kf6 31. Nd6 b6 32. Nc8 Nc4 33. a4 a5 34. b5 Ke6 35. h3 Kd7 36. Na7 Ne5 37. Kf2 Kc7 38. Ke3 Kd6 39. Nc8+ Kc5 40. Ke4 Nd7 41. g4 hxg4 42. hxg4 Kb4 43. g5 Kxa4 44. Nxb6+ Nxb6 45. g6 Nd7 46. Kf5 Nf8 47. g7 Nd7 48. g8=Q Kxb5 49. Qd5+ Nc5 50. Ke5 Kb4 51. Qd2+ Kb5 52. Kd5 a4 53. Qc3 Nb3 54. Qc4+ Kb6 55. Qxa4 Nc5 56. Qd4 Kb7 57. Qxc5 Ka6 58. Qd6+ Kb5 59. Qc6+ Kb4 60. Qc5+ Ka4 61. Qb6 Ka3 62. Kc4 Ka2 63. Kc3 Ka1 64. Qb2# 1-0

[Event "Edmonton Octob op"]
[Site "Edmonton CAN"]
[Date "2005.10.28"]
[Round "1"]
[White "Yamach, Ahmet"]
[Black "Climenhaga, Harold"]
[Result "1/2-1/2"]
[WhiteElo "1822"]
[BlackElo "1811"]
[PlyCount "104"]
[GameId "2160767910834212"]
[EventDate "2005.10.28"]
[EventType "swiss"]
[EventRounds "5"]
[EventCountry "CAN"]
[SourceTitle "EXT 2008"]
[Source "ChessBase"]
[SourceDate "2007.11.25"]
[SourceVersion "1"]
[SourceVersionDate "2007.11.25"]
[SourceQuality "1"]

1. d4 Nf6 2. c4 e6 3. Nc3 c5 4. d5 exd5 5. cxd5 d6 6. e4 Be7 7. Bb5+ Bd7 8. Bxd7+ Nbxd7 9. Nf3 O-O 10. b3 Re8 11. h3 Bf8 12. Qc2 a6 13. O-O g6 14. Bb2 Bg7 15. Nd2 b5 16. a4 b4 17. Nd1 Qe7 18. f3 Nh5 19. Bxg7 Kxg7 20. Nc4 Ne5 21. Nde3 Nf4 22. Rad1 Rad8 23. Qb2 Qf6 24. Nxe5 Rxe5 25. Ng4 Qg5 26. Kh2 f6 27. Nxe5 fxe5 28. Qd2 Qh4 29. Qf2 Qh5 30. Rfe1 Rf8 31. Qg3 g5 32. Qg4 Qxg4 33. hxg4 Ng6 34. Kg3 Nh4 35. Re3 Ng6 36. Kf2 Ne7 37. g3 Ng8 38. Re2 Nf6 39. Ke3 Rf7 40. Rh2 Kg6 41. Rdh1 Kg7 42. Rf2 Kg6 43. Ke2 Kg7 44. Kf1 Kg6 45. Kg2 Kg7 46. Re1 Kg6 47. Kh3 Nd7 48. f4 gxf4 49. gxf4 exf4 50. Ref1 Kg5 51. Rg1 Ne5 52. Kg2 a5 1/2-1/2

[Event "Edmonton Octob op"]
[Site "Edmonton CAN"]
[Date "2005.10.29"]
[Round "2"]
[White "Aspler, Gerald"]
[Black "Kuczaj, Chris"]
[Result "1-0"]
[WhiteElo "1967"]
[BlackElo "1876"]
[PlyCount "49"]
[GameId "2160767910834213"]
[EventDate "2005.10.28"]
[EventType "swiss"]
[EventRounds "5"]
[EventCountry "CAN"]
[SourceTitle "EXT 2008"]
[Source "ChessBase"]
[SourceDate "2007.11.25"]
[SourceVersion "1"]
[SourceVersionDate "2007.11.25"]
[SourceQuality "1"]

1. c4 e5 2. Nc3 Nc6 3. g3 f5 4. Bg2 Nf6 5. e3 g6 6. Nge2 Bg7 7. O-O O-O 8. d4 d6 9. a3 a5 10. Rb1 Ne7 11. b4 axb4 12. axb4 c6 13. Bb2 Be6 14. c5 e4 15. cxd6 Qxd6 16. b5 Bc4 17. bxc6 bxc6 18. Re1 Rfb8 19. Ra1 Qb4 20. Rxa8 Rxa8 21. Qc1 Rb8 22. Ba3 Qb7 23. Bxe7 Qxe7 24. Nxe4 Bxe2 25. Nxf6+ 1-0

[Event "Edmonton Octob op"]
[Site "Edmonton CAN"]
[Date "2005.10.29"]
[Round "2"]
[White "Gentes, Kevin"]
[Black "Li, Zhichao"]
[Result "1-0"]
[WhiteElo "2323"]
[BlackElo "2198"]
[PlyCount "57"]
[GameId "2160767910834214"]
[EventDate "2005.10.28"]
[EventType "swiss"]
[EventRounds "5"]
[EventCountry "CAN"]
[SourceTitle "EXT 2008"]
[Source "ChessBase"]
[SourceDate "2007.11.25"]
[SourceVersion "1"]
[SourceVersionDate "2007.11.25"]
[SourceQuality "1"]

1. d4 d5 2. c4 c6 3. Nf3 Nf6 4. Nc3 dxc4 5. a4 Bf5 6. Nh4 e6 7. Nxf5 exf5 8. e3 a5 9. Bxc4 Qd7 10. O-O Be7 11. Qf3 O-O 12. Rd1 g6 13. e4 Nxe4 14. Nxe4 fxe4 15. Qxe4 Bf6 16. Bh6 Rd8 17. Ra3 Bg7 18. Qh4 Qd6 19. Rh3 Bxd4 20. Be3 Qf6 21. Rxd4 Qxh4 22. Rhxh4 Na6 23. Rxd8+ Rxd8 24. Rd4 Rxd4 25. Bxd4 Nb8 26. Bb6 Nd7 27. Bxa5 Kf8 28. Bb4+ c5 29. Bb5 1-0

[Event "Edmonton Octob op"]
[Site "Edmonton CAN"]
[Date "2005.10.29"]
[Round "2"]
[White "Haessel, Dale"]
[Black "Gardner, Robert"]
[Result "0-1"]
[WhiteElo "2255"]
[BlackElo "2252"]
[PlyCount "100"]
[GameId "2160767910834215"]
[EventDate "2005.10.28"]
[EventType "swiss"]
[EventRounds "5"]
[EventCountry "CAN"]
[SourceTitle "EXT 2008"]
[Source "ChessBase"]
[SourceDate "2007.11.25"]
[SourceVersion "1"]
[SourceVersionDate "2007.11.25"]
[SourceQuality "1"]

1. c4 b6 2. Nc3 Bb7 3. e4 e6 4. Nge2 Nf6 5. d3 c5 6. g3 d5 7. exd5 exd5 8. Bg2 Qd7 9. O-O d4 10. Ne4 Nxe4 11. dxe4 Be7 12. Nf4 O-O 13. Nd5 Nc6 14. f4 Bd8 15. Qa4 a6 16. b4 b5 17. cxb5 Nxb4 18. Nxb4 axb5 19. Qb3 cxb4 20. Bd2 Be7 21. Bxb4 Bxb4 22. Qxb4 Ra4 23. Qb3 d3 24. Rad1 Rd8 25. e5 Qd4+ 26. Rf2 Bxg2 27. Kxg2 Rb4 28. Rxd3 Qe4+ 29. Rff3 Ra8 30. Qc2 Rba4 31. a3 Qb7 32. Qd2 g6 33. Kh3 Qc8+ 34. f5 Rc4 35. Rd7 Rc2 36. Qd3 Rxa3 37. Rd8+ Kg7 38. Rxc8 Rxd3 39. f6+ Kh6 40. Rxc2 Rxf3 41. Rb2 Kg5 42. Rxb5 Kf5 43. Kh4 h6 44. Kh3 Ke6 45. Kg4 Rf5 46. h4 h5+ 47. Kh3 Rxe5 48. Rb6+ Kf5 49. Kg2 Re6 50. Kf3 Rxb6 0-1

[Event "Edmonton Octob op"]
[Site "Edmonton CAN"]
[Date "2005.10.29"]
[Round "2"]
[White "Karmali, Hafiz"]
[Black "Newton, Geoff"]
[Result "1-0"]
[WhiteElo "1906"]
[BlackElo "1938"]
[PlyCount "43"]
[GameId "2160767910834216"]
[EventDate "2005.10.28"]
[EventType "swiss"]
[EventRounds "5"]
[EventCountry "CAN"]
[SourceTitle "EXT 2008"]
[Source "ChessBase"]
[SourceDate "2007.11.25"]
[SourceVersion "1"]
[SourceVersionDate "2007.11.25"]
[SourceQuality "1"]

1. d4 d5 2. e3 Nf6 3. Bd3 c5 4. c3 Qc7 5. f4 c4 6. Bc2 Bg4 7. Nf3 Nc6 8. Nbd2 e6 9. O-O Bd6 10. Qe1 Bxf3 11. Rxf3 b5 12. Qh4 b4 13. g4 bxc3 14. bxc3 Qa5 15. e4 Be7 16. g5 Nd7 17. f5 O-O-O 18. fxe6 fxe6 19. Qg4 h6 20. Qxe6 Qc7 21. exd5 hxg5 22. Qxc6 1-0

[Event "Edmonton Octob op"]
[Site "Edmonton CAN"]
[Date "2005.10.29"]
[Round "2"]
[White "Khataw, Rahim"]
[Black "Pedersen, Rick"]
[Result "1-0"]
[WhiteElo "1708"]
[BlackElo "1500"]
[PlyCount "104"]
[GameId "2160767910834217"]
[EventDate "2005.10.28"]
[EventType "swiss"]
[EventRounds "5"]
[EventCountry "CAN"]
[SourceTitle "EXT 2008"]
[Source "ChessBase"]
[SourceDate "2007.11.25"]
[SourceVersion "1"]
[SourceVersionDate "2007.11.25"]
[SourceQuality "1"]

1. e4 d6 2. d4 Nf6 3. Nc3 g6 4. Be2 Bg7 5. Be3 O-O 6. Qd2 c6 7. Bh6 e5 8. Bxg7 Kxg7 9. O-O-O Qa5 10. Kb1 b5 11. Bf3 Be6 12. b3 b4 13. Na4 Nbd7 14. h4 Nb6 15. Nb2 h5 16. Nh3 Bg4 17. Ng5 Rad8 18. Bxg4 hxg4 19. Qe2 exd4 20. Rxd4 Qe5 21. Rhd1 Nbd5 22. Na4 Rfe8 23. Qc4 c5 24. R4d2 Nf4 25. Qxf7+ Kh8 26. g3 N4h5 27. Qxa7 Re7 28. Nf7+ Kg7 29. Nxe5 Rxa7 30. Nc6 Rdd7 31. Nxa7 Nxe4 32. Re2 Nhf6 33. Nc8 d5 34. Nxc5 Nc3+ 35. Ka1 Rf7 36. Rde1 Nxe2 37. Rxe2 Kh6 38. Re7 Rf8 39. Nb6 Rd8 40. Nd3 Rd6 41. Na4 Ne4 42. Rb7 Rf6 43. Rxb4 Nxf2 44. Nxf2 Rxf2 45. Rxg4 Rxc2 46. Kb1 Rg2 47. Nb6 Rd2 48. a4 Rd3 49. Kb2 d4 50. Nc4 Kh5 51. Rxg6 Rf3 52. Rg5+ Kh6 1-0

[Event "Edmonton Octob op"]
[Site "Edmonton CAN"]
[Date "2005.10.29"]
[Round "2"]
[White "Laboucane, Randy"]
[Black "Wihnon, Jason"]
[Result "0-1"]
[WhiteElo "1608"]
[BlackElo "1717"]
[PlyCount "40"]
[GameId "2160767910834218"]
[EventDate "2005.10.28"]
[EventType "swiss"]
[EventRounds "5"]
[EventCountry "CAN"]
[SourceTitle "EXT 2008"]
[Source "ChessBase"]
[SourceDate "2007.11.25"]
[SourceVersion "1"]
[SourceVersionDate "2007.11.25"]
[SourceQuality "1"]

1. d4 Nf6 2. c4 g6 3. Nc3 d5 4. cxd5 Nxd5 5. Nxd5 Qxd5 6. e3 Bg7 7. Nf3 O-O 8. Qc2 Bf5 9. Qc3 Nc6 10. Bc4 Qd6 11. a3 e5 12. dxe5 Nxe5 13. Nxe5 Bxe5 14. Qb3 Rad8 15. f4 Bxb2 16. Bxb2 Qd2+ 17. Kf1 Bd3+ 18. Bxd3 Rxd3 19. Bc1 Qd1+ 20. Kf2 Qxb3 0-1

[Event "Edmonton Octob op"]
[Site "Edmonton CAN"]
[Date "2005.10.29"]
[Round "2"]
[White "Wang, Harris"]
[Black "Ross, Malcolm"]
[Result "0-1"]
[WhiteElo "1041"]
[BlackElo "1251"]
[PlyCount "92"]
[GameId "2160767910834220"]
[EventDate "2005.10.28"]
[EventType "swiss"]
[EventRounds "5"]
[EventCountry "CAN"]
[SourceTitle "EXT 2008"]
[Source "ChessBase"]
[SourceDate "2007.11.25"]
[SourceVersion "1"]
[SourceVersionDate "2007.11.25"]
[SourceQuality "1"]

1. d4 d5 2. Nc3 Nf6 3. Nf3 Bg4 4. Bg5 e6 5. e3 Be7 6. Be2 O-O 7. O-O Nc6 8. Bxf6 Bxf6 9. Ne5 Bxe2 10. Nxc6 Bxd1 11. Nxd8 Bxc2 12. Nxb7 Rab8 13. Rfc1 Bf5 14. Nc5 Rfd8 15. b3 e5 16. Rd1 exd4 17. exd4 Rb4 18. Ne2 Re8 19. Kf1 Bg4 20. f3 Bc8 21. a3 Rb5 22. Nc3 Rxc5 23. dxc5 Bxc3 24. Rac1 Bb2 25. Rc2 Bxa3 26. Rxd5 Be6 27. Re5 f6 28. Re3 Kf7 29. Ke2 Rb8 30. Rcc3 Bb2 31. Rcd3 Rb5 32. Rd2 Bc1 33. Ra2 Bxe3 34. Kxe3 Rxb3+ 35. Kd4 Rd3+ 36. Kxd3 Bxa2 37. Kd4 c6 38. h4 a5 39. Kc3 a4 40. Kb2 Bb3 41. f4 Ke6 42. g4 Kd5 43. g5 Ke4 44. gxf6 gxf6 45. h5 Kxf4 46. Kc3 Ke4 0-1

[Event "Edmonton Octob op"]
[Site "Edmonton CAN"]
[Date "2005.10.29"]
[Round "3"]
[White "Gardner, Robert"]
[Black "Gentes, Kevin"]
[Result "1-0"]
[WhiteElo "2252"]
[BlackElo "2323"]
[PlyCount "150"]
[GameId "2160767910834221"]
[EventDate "2005.10.28"]
[EventType "swiss"]
[EventRounds "5"]
[EventCountry "CAN"]
[SourceTitle "EXT 2008"]
[Source "ChessBase"]
[SourceDate "2007.11.25"]
[SourceVersion "1"]
[SourceVersionDate "2007.11.25"]
[SourceQuality "1"]

1. f4 d5 2. Nf3 Nc6 3. e3 Bg4 4. Bb5 Qd6 5. d4 Nf6 6. O-O e6 7. c4 dxc4 8. Qa4 Bxf3 9. Rxf3 Be7 10. Nd2 O-O 11. Nxc4 Qd5 12. Ne5 Nxe5 13. fxe5 Ne4 14. Bc4 Qd8 15. Qc2 Ng5 16. Rg3 f5 17. Qb3 Kh8 18. Bxe6 c5 19. Bd5 Rb8 20. Bd2 b5 21. h4 Ne4 22. Bxe4 fxe4 23. Qc2 Bxh4 24. Rh3 Bf2+ 25. Kh1 Qd5 26. Qxc5 Qxc5 27. dxc5 g5 28. Rh5 Rfd8 29. Bc3 Bxe3 30. e6+ Bd4 31. Bxd4+ Rxd4 32. Rxg5 Re8 33. Re5 Rd2 34. b4 Rd4 35. a3 Kg7 36. Re1 Rd3 37. R1xe4 Rxa3 38. c6 Rc3 39. Rxb5 Rxc6 40. Rb7+ Kg6 41. Rxa7 Rexe6 42. Rxe6+ Rxe6 43. Ra1 Rb6 44. Rb1 Kf5 45. Kh2 Ke4 46. Kh3 Kd3 47. b5 Kc2 48. Rb4 Kc3 49. Rh4 h6 50. Rh5 Kd4 51. g4 Ke4 52. Kh4 Kd4 53. Rf5 Ke4 54. Kh5 Kd4 55. Rf7 Ke4 56. Rf8 Ke5 57. Rh8 Kf4 58. Rxh6 Rxb5+ 59. Kh4 Rb1 60. Rf6+ Ke5 61. g5 Rh1+ 62. Kg4 Rh2 63. Ra6 Rg2+ 64. Kh5 Kf5 65. Rf6+ Ke5 66. Rf8 Ra2 67. g6 Rh2+ 68. Kg5 Rg2+ 69. Kh6 Rh2+ 70. Kg7 Rg2 71. Kh7 Rh2+ 72. Kg8 Rg2 73. g7 Ke6 74. Rf1 Ke7 75. Re1+ Kf6 1-0

[Event "Edmonton Octob op"]
[Site "Edmonton CAN"]
[Date "2005.10.29"]
[Round "3"]
[White "Kuczaj, Chris"]
[Black "Karmali, Hafiz"]
[Result "1/2-1/2"]
[WhiteElo "1876"]
[BlackElo "1906"]
[PlyCount "31"]
[GameId "2160767910834223"]
[EventDate "2005.10.28"]
[EventType "swiss"]
[EventRounds "5"]
[EventCountry "CAN"]
[SourceTitle "EXT 2008"]
[Source "ChessBase"]
[SourceDate "2007.11.25"]
[SourceVersion "1"]
[SourceVersionDate "2007.11.25"]
[SourceQuality "1"]

1. d4 e6 2. c4 f5 3. g3 Nf6 4. Bg2 d5 5. Nh3 c6 6. O-O Bd6 7. Bf4 O-O 8. Qc2 Bxf4 9. Nxf4 Qe7 10. Nd3 Nbd7 11. Nd2 e5 12. cxd5 Nxd5 13. e4 fxe4 14. Nxe5 Nxe5 15. dxe5 Qxe5 16. Bxe4 1/2-1/2

[Event "Edmonton Octob op"]
[Site "Edmonton CAN"]
[Date "2005.10.29"]
[Round "3"]
[White "Li, Zhichao"]
[Black "Kazakevich, Anastasia"]
[Result "1-0"]
[WhiteElo "2198"]
[BlackElo "2029"]
[PlyCount "77"]
[GameId "2160767910834225"]
[EventDate "2005.10.28"]
[EventType "swiss"]
[EventRounds "5"]
[EventCountry "CAN"]
[SourceTitle "EXT 2008"]
[Source "ChessBase"]
[SourceDate "2007.11.25"]
[SourceVersion "1"]
[SourceVersionDate "2007.11.25"]
[SourceQuality "1"]

1. c4 c6 2. Nf3 d5 3. cxd5 cxd5 4. d4 Nc6 5. Nc3 Nf6 6. Ne5 e6 7. Nxc6 bxc6 8. g3 c5 9. Bg2 Bb7 10. O-O cxd4 11. Qxd4 Be7 12. Bf4 O-O 13. Rfc1 Qb6 14. Be3 Qxd4 15. Bxd4 a6 16. Na4 Rac8 17. Nb6 Rc6 18. e3 Bd8 19. Rxc6 Bxc6 20. Rc1 Bxb6 21. Rxc6 Bxd4 22. exd4 Ra8 23. b4 Kf8 24. Bf1 a5 25. b5 Nd7 26. Ra6 Rxa6 27. bxa6 Nb6 28. a7 Ke7 29. Ba6 Kd6 30. Bb7 f6 31. Kf1 e5 32. a8=Q Nxa8 33. Bxa8 exd4 34. Ke2 g5 35. Kd3 Kc5 36. g4 h6 37. Bb7 Kb4 38. Kxd4 Ka3 39. Bxd5 1-0

[Event "Edmonton Octob op"]
[Site "Edmonton CAN"]
[Date "2005.10.29"]
[Round "3"]
[White "Newton, Geoff"]
[Black "Pua, Richard"]
[Result "1/2-1/2"]
[WhiteElo "1938"]
[BlackElo "1892"]
[PlyCount "44"]
[GameId "2160767910834226"]
[EventDate "2005.10.28"]
[EventType "swiss"]
[EventRounds "5"]
[EventCountry "CAN"]
[SourceTitle "EXT 2008"]
[Source "ChessBase"]
[SourceDate "2007.11.25"]
[SourceVersion "1"]
[SourceVersionDate "2007.11.25"]
[SourceQuality "1"]

1. d4 Nf6 2. c4 e6 3. Nc3 d5 4. cxd5 exd5 5. Bf4 Bd6 6. Be5 c6 7. e3 Qe7 8. Bxd6 Qxd6 9. Bd3 O-O 10. Qc2 Bg4 11. Nge2 Nbd7 12. f3 Bh5 13. Ng3 Bg6 14. O-O Rfe8 15. Rae1 b6 16. Nf5 Bxf5 17. Bxf5 g6 18. Bd3 c5 19. Qd2 a6 20. Qf2 cxd4 21. exd4 b5 22. Qh4 Kg7 1/2-1/2

[Event "Edmonton Octob op"]
[Site "Edmonton CAN"]
[Date "2005.10.29"]
[Round "3"]
[White "Ross, Malcolm"]
[Black "Kurakin, Max"]
[Result "1-0"]
[WhiteElo "1251"]
[BlackElo "1261"]
[PlyCount "61"]
[GameId "2160767910834227"]
[EventDate "2005.10.28"]
[EventType "swiss"]
[EventRounds "5"]
[EventCountry "CAN"]
[SourceTitle "EXT 2008"]
[Source "ChessBase"]
[SourceDate "2007.11.25"]
[SourceVersion "1"]
[SourceVersionDate "2007.11.25"]
[SourceQuality "1"]

1. c4 c5 2. Nc3 e6 3. g3 Nf6 4. Bg2 Nc6 5. d3 Bd6 6. Bg5 h6 7. Ne4 Be7 8. Bxf6 Bxf6 9. Nd6+ Kf8 10. Nxc8 Qxc8 11. Rb1 Nb4 12. a3 Nc6 13. Nf3 Qc7 14. O-O Qb6 15. e3 Qd8 16. d4 Na5 17. Qd3 d5 18. cxd5 Qxd5 19. b4 cxb4 20. Rxb4 Rc8 21. Nd2 Qa2 22. Bxb7 Nxb7 23. Rxb7 g6 24. Ne4 Kg7 25. Nd6 Ra8 26. Rxf7+ Kg8 27. Rxf6 Rh7 28. Qxg6+ Kh8 29. Nf7+ Rxf7 30. Rxf7 Rg8 31. Qh7# 1-0

[Event "Edmonton Octob op"]
[Site "Edmonton CAN"]
[Date "2005.10.29"]
[Round "3"]
[White "Wihnon, Jason"]
[Black "Harrop, Breagan"]
[Result "1-0"]
[WhiteElo "1717"]
[BlackElo "1523"]
[PlyCount "47"]
[GameId "2160767910834228"]
[EventDate "2005.10.28"]
[EventType "swiss"]
[EventRounds "5"]
[EventCountry "CAN"]
[SourceTitle "EXT 2008"]
[Source "ChessBase"]
[SourceDate "2007.11.25"]
[SourceVersion "1"]
[SourceVersionDate "2007.11.25"]
[SourceQuality "1"]

1. b3 f5 2. Bb2 e6 3. e4 Qe7 4. exf5 exf5+ 5. Qe2 Qxe2+ 6. Bxe2 Ke7 7. Nc3 Nf6 8. O-O-O Nc6 9. Nh3 Kd8 10. Ng5 Ke7 11. Rhe1 Ne5 12. f4 Ng6 13. Bc4+ Kd6 14. Nf7+ Kc6 15. Nxh8 Nxh8 16. Re5 a6 17. d4 d6 18. d5+ Kd7 19. Re2 Ng6 20. g3 b5 21. Nxb5 Be7 22. Nc3 Bb7 23. Rde1 h5 24. Bd3 1-0

[Event "Edmonton Octob op"]
[Site "Edmonton CAN"]
[Date "2005.10.29"]
[Round "3"]
[White "Yamach, Ahmet"]
[Black "Mrugala, David"]
[Result "0-1"]
[WhiteElo "1822"]
[BlackElo "1793"]
[PlyCount "49"]
[GameId "2160767910834229"]
[EventDate "2005.10.28"]
[EventType "swiss"]
[EventRounds "5"]
[EventCountry "CAN"]
[SourceTitle "EXT 2008"]
[Source "ChessBase"]
[SourceDate "2007.11.25"]
[SourceVersion "1"]
[SourceVersionDate "2007.11.25"]
[SourceQuality "1"]

1. d4 c6 2. c4 d5 3. e3 Nf6 4. Nc3 g6 5. Nf3 Bg4 6. cxd5 cxd5 7. h3 Bxf3 8. Qxf3 Bg7 9. Bd3 e6 10. O-O O-O 11. Qe2 Nc6 12. f4 Nh5 13. Qf2 f5 14. g4 Nf6 15. g5 Ne4 16. Bxe4 fxe4 17. Qd2 Ne7 18. Ne2 Nf5 19. Qe1 Rf7 20. Bd2 Qb6 21. b3 Rc8 22. Nc3 Bf8 23. Rc1 Rfc7 24. Nxd5 exd5 25. Rxc7 0-1